Statistics for Video Game of the Year Award Winners

Click here to take the quiz!

General Stats

  • This quiz has been taken 96 times
    (12 since last reset)
  • The average score is 8 of 21

Answer Stats

YearDeveloperAnswer% Correct
2008RockstarGrand Theft Auto IV
73%
2004RockstarGrand Theft Auto: San Andreas
73%
2013RockstarGrand Theft Auto V
73%
2020Naughty DogThe Last of Us Part II
73%
2012Telltale GamesThe Walking Dead: The Game
64%
2022FromSoftwareElden Ring
55%
2010RockstarRed Dead Redemption
55%
2017NintendoThe Legend of Zelda: Breath of The Wild
55%
2023Larian StudiosBaldur’s Gate 3
45%
2018Sony Interactive EntertainmentGod of War
45%
2016Blizzard EntertainmentOverwatch
36%
2015CD Projekt RedThe Witcher 3: Wild Hunt
36%
2014BioWareDragon Age: Inquisition
27%
2021Hazelight StudiosIt Takes Two
27%
2011Bethesda Game StudiosThe Elder Scrolls V: Skyrim
27%
2009Naughty DogUncharted 2: Among Thieves
27%
2005CapcomResident Evil 4
18%
2019FromSoftwareSekiro: Shadows Die Twice
18%
2003EAMadden NFL 2004
9%
2006Bethesda Game StudiosThe Elder Scrolls IV : Oblivion
9%
2007BioWareBioShock
0%

Score Distribution

Percentile by Number Answered

Percent of People with Each Score

Your Score History

You have not taken this quiz since the last reset